Insuring to value

Bibliographic Details
Main Author: Richardson, Diane
Format: Book
Published: California : Marshall & Swift , 1996

MARC

LEADER 00000cam a2200000 7i4500
001 0000003604
005 20050505.0
020 |a 0872183548 
040 |a INS 
090 0 0 |a HG9986.3.   |b R53 1996 
100 1 |a Richardson, Diane 
245 1 0 |a Insuring to value   |c Diane Richardson 
260 |a California :   |b Marshall & Swift ,   |c 1996 
300 |a 238p. 
999 |a 0000006979   |b BOOK   |c Open Shelf   |e Default branch